| 000 | 00466ntaaa2200181 4500 | ||
|---|---|---|---|
| 003 | 01 | ||
| 005 | 20251027201256.0 | ||
| 008 | 0714s1973 ag 01 | ||
| 040 |
_aAR-BaBN _bspa _cAR-BaBN _eaacr _dRIC |
||
| 082 | _a221.0000 Mc16 | ||
| 100 | _aMcFadyen, John Edgar | ||
| 245 | _aMessage of Israel | ||
| 250 |
_a2 ed. : _bJames Clarke and Company, Ltd., _cc1931 |
||
| 300 | _a304 p. | ||
| 650 | _aBiblia-Antiguo Testamento | ||
| 650 | _aAntiguo Testamento | ||
| 942 | _cBK | ||
| 999 |
_c7144 _d7144 |
||